ბათუმის შოთა რუსთაველის სახელმწიფო უნივერსიტეტის ბიბლიოთეკა

ევროკავშირის პოლიტიკა : (ბიბ.ჩანაწერი № 58958)

000 -ლიდერი
ფიქსირებული სიგრძის საკონტროლო ველი 01143nam a22002177a 4500
003 - საკონტროლო ნომრის იდენტიფიკატორი
საკონტროლო ველი Ge_BSU
005 - ბოლო ოპერაციის თარიღი და დრო
საკონტროლო ველი 20221024153944.0
008 - ფიქსირებული სიგრძის მონაცემთა ელემენტები - ზოგადი ინფორმაცია
ფიქსირებული სიგრძის საკონტროლო ველი 221024s2006 ge ||||| |||| 00| 0 geo d
020 ## - წიგნის საერთაშორისო სტანდარტული ნომერი
International Standard Book Number 9994087142
041 ## - ენის კოდი
Language code of text/sound track or separate title geo
080 ## - უნივერსალური ათობითი კლასიფიკაციის ინდექსი
Universal Decimal Classification number 341.217(4)(042.4) კ-24
100 ## - მთავარი ჩანაწერი - პიროვნების სახელი
Personal name კაპანაძე, სერგი
9 (RLIN) 15493
245 ## - ცნობა სათაურის შესახებ
Title ევროკავშირის პოლიტიკა :
Remainder of title სალექციო კურსი სოციალ. მეცნ. მაგისტრატურისათვის /
Statement of responsibility, etc სერგი კაპანაძე ; [მთ. რედ.: მარინე ჩიტაშვილი, ენობრ. რედ.: ლია კაჭარავა].
264 ## - წარმოების, გამოცემის, დისტრიბუციის და სხვა ცნობები
გამოცემის, წარმოების, დისტრიბუციის... ადგილი თბილისი :
გამოცემის, წარმოების, დისტრიბუციის... სახელწოდება სოციალურ მეცნიერებათა ცენტრი,
გამოცემის, წარმოების, დისტრიბუციის... თარიღი 2006.
300 ## - ფიზიკური აღწერა
Extent 94 გვ. ;
Other physical details 29 სმ.
440 ## - სერიის ცნობა / დამატებულია ჩანაწერი - სათაური
Title სოციალურ მეცნიერებათა სერია
9 (RLIN) 955
520 ## - SUMMARY, ETC.
Summary, etc რეზ. ინგლ. ენ.
653 ## - INDEX TERM--UNCONTROLLED
Uncontrolled term ევროკავშირი.
653 ## - INDEX TERM--UNCONTROLLED
Uncontrolled term სამართალი
942 ## - ADDED ENTRY ELEMENTS (KOHA)
Source of classification or shelving scheme
Koha item type წიგნი
ეგზემპლარები
ჩამოწერის სტატუსი დაკარგული ეგზემპლარის სტატუსი კლასიფიკაციის წყარო ან თაროზე გაწყობის სქემა დაზიანების სტატუსი არ გაიცემა მუდმივი მდებარეობა (დაცვის ადგილი) ამჟამინდელი ადგილსამყოფელი თაროზე განთავსების ადგილი შეძენის თარიღი ღირებულება, შესყიდვის ნორმალური ფასი სრული შენახვის შიფრი შტრიხკოდი ბოლო ოპერაციის თარიღი ეგზემპლარის მიმდევრობითი ნომერი (კეტერი?) ფასის ძალაში შესვლის თარიღი ეგზემპლარის სახეობა საჯარო შენიშვნა Uniform Resource Identifier
          ბათუმის შოთა რუსთაველის სახელმწიფო უნივერსიტეტის მთავარი ბიბლიოთეკა ბათუმის შოთა რუსთაველის სახელმწიფო უნივერსიტეტის მთავარი ბიბლიოთეკა წიგნსაცავი 2022-10-24 6.00 341.217(4)(042.4) კ-24 28753 2022-10-24 28753 2022-10-24 წიგნი 6 ლ.  
          ბათუმის შოთა რუსთაველის სახელმწიფო უნივერსიტეტის მთავარი ბიბლიოთეკა ბათუმის შოთა რუსთაველის სახელმწიფო უნივერსიტეტის მთავარი ბიბლიოთეკა წიგნსაცავი 2025-02-10 6.00 341.217(4)(042.4) კ-24 70622 2025-02-10 70622 2025-02-10 წიგნი 6.00 ნაჩუქარი